Score 0/13 Timer 05:00
0 Plays Today
% Correct
Ionian Islands
91.3%
Central Macedonia
89.4%
Crete
89.4%
East Macedonia and Thrace
88.8%
North Aegean
87.6%
Peloponnese
87.6%
West Macedonia
87.6%
South Aegean
87%
Central Greece
85.7%
Epirus
85.7%
Thessaly
85.1%
Attica
83.9%
West Greece
75.2%
Remove Ads.
Support Sporcle.
Get the best of Sporcle when you Go Orange. This ad-free experience offers more features, more stats, and more fun while also helping to support Sporcle. Thank you for becoming a member.

You're not logged in!

Compare scores with friends on all Sporcle quizzes.
OR
Log In

Show Comments

Extras

Top Quizzes Today


Score Distribution

Your Account Isn't Verified!

In order to create a playlist on Sporcle, you need to verify the email address you used during registration. Go to your Sporcle Settings to finish the process.

Report this User

Report this user for behavior that violates our Community Guidelines.

Details: